000 01330cam a2200325 a 4500
001 12882561
003 ARRUPE
005 20211026094005.0
008 990915s2000 enkab b 001 0 eng
010 _a 2002437220
020 _a1861890583
035 _a(UkLWHE)b000031006
040 _aDLC
_cDLC
_dDLC
050 0 0 _aJZ1242
_b.K58 2000
082 0 0 _a327.1/01
_221
100 1 _aKleinschmidt, Harald,
_d1949-
_950597
245 1 4 _aThe nemesis of power :
_ba history of international relations theories /
_cHarald Kleinschmidt.
260 _aLondon :
_bReaktion Books,
_c2000.
300 _a285 p. :
_bill., maps ;
_c24 cm.
440 0 _aGlobalities
_950598
504 _aIncludes bibliographical references (p. 235-279) and index.
650 0 _aInternational relations
_xPhilosophy
_xHistory.
_950599
650 0 _aBalance of power
_xHistory.
_950600
856 4 2 _3Contributor biographical information
_uhttp://www.loc.gov/catdir/enhancements/fy0642/2002437220-b.html
856 4 2 _3Publisher description
_uhttp://www.loc.gov/catdir/enhancements/fy0642/2002437220-d.html
856 4 1 _3Table of contents only
_uhttp://www.loc.gov/catdir/enhancements/fy0642/2002437220-t.html
906 _a7
_bcbc
_corigres
_d2
_encip
_f20
_gy-gencatlg
942 _2lcc
_cMONOGRAPH
999 _c130945
_d130945